| 000 | 01339cam a22003255i 4500 | ||
|---|---|---|---|
| 999 |
_c2160 _d2160 |
||
| 003 | EG-ScBUE | ||
| 005 | 20200108115311.0 | ||
| 008 | 180828r20032002enka f b 001 0 eng d | ||
| 020 | _a0415269962 | ||
| 020 | _a9780415269964 | ||
| 040 |
_aEG-ScBUE _beng _cEG-ScBUE _dEG-ScBUE |
||
| 082 | 0 | 4 |
_a808.0665 _bBAR _222 |
| 100 | 1 |
_aBarrass, Robert, _eauthor. |
|
| 245 | 1 | 0 |
_aScientists must write : _ba guide to better writing for scientists, engineers and students / _cRobert Barrass. |
| 250 | _aSecond edition. | ||
| 250 | _aReprinted edition. | ||
| 264 | 1 |
_aLondon ; _aNew York : _bRoutledge / Taylor & Francis Group, _c2003. |
|
| 300 |
_axvi, 204 pages : _billustration ; _c22 cm. |
||
| 336 |
_atext _btxt _2rdacontent |
||
| 337 |
_aunmediated _bn _2rdamedia |
||
| 338 |
_avolume _bnc _2rdacarrier |
||
| 490 | 0 | _aRoutledge study guides | |
| 500 | _aOriginally published for second edition 2002. | ||
| 504 | _aIncludes bibliographical references and index. | ||
| 520 | _aFirst published in 1978, Scientists Must Write is a guide that shows how to write technical essays, reports and articles. The second edition is written for scientists, engineers and students of science, technology and engineering. | ||
| 650 | 7 |
_aTechnical writing. _2BUEsh |
|
| 651 | _2BUEsh | ||
| 653 |
_bGGEN _bHHUUEENN _cAugust2018 _cJuly2019 |
||
| 942 |
_2ddc _cBB |
||